000 00603nam a2200229Ia 4500
003 OSt
005 20220928113653.0
006 a|||||r|||| 00| 0
007 ta
008 220927b |||||||| |||| 00| 0 eng d
024 _a61031
037 _cTextual
040 _aSDCL
_cSDCL
_beng
041 _2eng
_aeng
082 _aD65264, L8
100 _aHelszajn J
_9434387
245 0 _aPassive and active mecrowave circuits.
260 _aNew York
_b John Wiley & Sons
_c1978
300 _avii,274p.
_ccm.
942 _hD65264, L8
_cTEXL
_2CC
999 _c750723
_d750723